|
|
|
|
| LEADER |
00000nab a2200000uu 4500 |
| 001 |
vtls011526727 |
| 003 |
SK-MaSNL |
| 005 |
20260303112840.0 |
| 008 |
230121|1977 xo |||||||||||||||||slo| |
| 015 |
|
|
|a SNBRB
|
| 035 |
|
|
|a (urnnbn)urn:nbn:sk:snk:ar-a08t2q
|
| 035 |
|
|
|a (uuid)3ac9794a-d9f2-4af2-b7ba-1831a97681a7
|
| 035 |
|
|
|a urn:nbn:sk:snk-abedra
|
| 040 |
|
|
|a SNKBUCL
|b slo
|c SNKBUCL
|e AACR2
|
| 041 |
0 |
|
|a slo
|
| 044 |
|
|
|a xo
|c SK
|
| 100 |
1 |
|
|a Koštial, Rudolf,
|d 1913-1991
|4 aut
|9 56188
|
| 245 |
1 |
0 |
|a Hodnota sviatkov
|c Rudolf Koštial
|
| 773 |
0 |
|
|t Cirkevné listy : časopis venovaný záujmom cirkve evanjelickej a. v.
|g Roč. 90, č. 5 (1977), s. 65-66
|
| 954 |
|
|
|a odborná, vedecká literatúra pôvodná (slovenská)
|2 lita
|
| 958 |
|
|
|a OND
|
| 958 |
|
|
|a EUIPO
|
| 958 |
|
|
|a article21
|
| 999 |
|
|
|c 1887898
|d 1889828
|